Central Library OPAC University of Rajshahi

Water resources and coastal management / (Record no. 58770)

MARC details
000 -LEADER
fixed length control field 01074nam a2200301 a 4500
001 - CONTROL NUMBER
control field 58770
003 - CONTROL NUMBER IDENTIFIER
rucl marc code BD-RjUL
005 - DATE AND TIME OF LATEST TRANSACTION
control field 20211209080645.0
008 - FIXED-LENGTH DATA ELEMENTS--GENERAL INFORMATION
fixed length control field 161219s2001 mau b 001 0 eng
020 ## - INTERNATIONAL STANDARD BOOK NUMBER
International Standard Book Number 184064222X
035 ## - SYSTEM CONTROL NUMBER
System control number (BD-RjUL) 58894
040 ## - CATALOGING SOURCE
Original cataloging agency DLC
Transcribing agency DLC
Modifying agency DLC
-- BD-RjUL
Language of cataloging eng
041 ## - LANGUAGE CODE
Language code of text/sound track or separate title eng
082 00 - DEWEY DECIMAL CLASSIFICATION NUMBER
Classification number 333.91
Edition number 23
Author mark and year WAT 2001
245 00 - TITLE STATEMENT
Title Water resources and coastal management /
Statement of responsibility, etc. edited by R. Kerry Turner and Ian J. Bateman.
260 ## - PUBLICATION, DISTRIBUTION, ETC. (IMPRINT)
Place of publication, distribution, etc. Northampton, MA :
Name of publisher, distributor, etc. Edward Elgar Pub.,
Date of publication, distribution, etc. c2001.
300 ## - PHYSICAL DESCRIPTION
Pagination xxv, 527 p. ;
Size 25 cm.
490 ## - SERIES STATEMENT
Series statement Managing the environment for sustainable development ;
Volume/sequential designation 3
504 ## - BIBLIOGRAPHY, ETC. NOTE
Bibliography, etc Includes bibliographical references and index.
650 #0 - SUBJECT ADDED ENTRY--TOPICAL TERM
Topical term or geographic name as entry element Coastal zone management.
9 (RLIN) 174705
Topical term or geographic name as entry element Coastal engineering
General subdivision Environmental aspects.
9 (RLIN) 174706
Topical term or geographic name as entry element Water resources development.
9 (RLIN) 174707
Topical term or geographic name as entry element Shore protection.
9 (RLIN) 174708
700 1# - ADDED ENTRY--PERSONAL NAME
Personal name Turner, R. Kerry.
Personal name Bateman, Ian.
830 ## - SERIES ADDED ENTRY--UNIFORM TITLE
Uniform title Managing the environment for sustainable development ;
Volume number/sequential designation 3
942 ## - ADDED ENTRY ELEMENTS (KOHA)
Source of classification or shelving scheme Dewey Decimal Classification
Koha item type Books
Holdings
Lost status Source of classification or shelving scheme Damaged status Not for loan Collection code Permanent Location Current Location Shelving location Date acquired Source of acquisition Cost, normal purchase price Total Checkouts Full call number Date last seen Copy number Koha item type
  Dewey Decimal Classification   Not For Loan Non-fiction Central Library, University of Rajshahi Central Library, University of Rajshahi Reading Room 13/04/2006 Paragon Enterprise Ltd., Dhaka 135.50   333.91 WAT 2001 19/12/2016 C-1 Books